000 01319nam0a2200313 4500
001 RU\NLR\BIBL_A\010194936
005 20260405110533.0
010 _a978-5-227-04907-8
_92000
021 _aRU
_b2014-5812
_9360
035 _a(NILC)RuMoRGB-006738057
035 _a(NLR Aleph) 010194936
090 _a10216792
_c10216792
100 _a20140226d2014 |||y0rusy50 ca
101 0 _arus
102 _aRU
105 _aa|||z||||||y|
200 1 _aПетербург - 1914 - Петроград
_eхронологическая мозаика столичной жизни
_fБорис Антонов
210 _aМосква
_cЦентрполиграф
_aСанкт-Петербург
_cРусская тройка-СПб
_d2014
215 _a558, [1] с., [17] с. ил., портр.
_cил.
_d21
225 1 _aСерия "Все о Санкт-Петербурге"
607 _aСанкт-Петербург, город
_jДневники
_xИстория
_z1914
_92180033
_3RU\NLR\AUTH\6601547655
686 1 _aТ3(2-2СПб) 523,013
700 1 _8rus
_7ca
_aАнтонов
_bБ. И.
_cисторик
_f1941-
_gБорис Иванович
_3RU\NLR\AUTH\7741689
_924637
801 0 _aRU
_bРГБ
_c20140212
_gRCR
942 _cBOOK
980 _aNBR
980 _aNB